Rusko v 21. storočí - mocenské postavenie

Mocenské ambície Ruska. Rusko v postsovietskom priestore. Rusko a jeho vplyv v krajinách strednej a východnej Európy. Vzťahy Ruska a Európskej únie. Rusko a USA. Rusko ako energetická základňa.

Na minha lista:
Detalhes bibliográficos
Autor principal: Chuguryan, Simona, 1977-
Formato: Capítulo de Livro
Idioma:eslovaco
Assuntos:
Tags: Adicionar Tag
Sem tags, seja o primeiro a adicionar uma tag!

MARC

LEADER 00000nla$a2200000$$$4500
001 0149686
005 20240502072706.6
041 0 |a slo 
044 |a SK 
245 1 0 |a Rusko v 21. storočí - mocenské postavenie  |c Simona Chuguryan 
520 |a Mocenské ambície Ruska. Rusko v postsovietskom priestore. Rusko a jeho vplyv v krajinách strednej a východnej Európy. Vzťahy Ruska a Európskej únie. Rusko a USA. Rusko ako energetická základňa. 
610 2 0 |a politika zahraničná 
610 2 0 |a vzťahy zahraničné 
610 2 0 |a vzťahy medzinárodné 
610 2 0 |a spolupráca medzinárodná 
610 2 0 |a energetika 
610 2 0 |a Rusko 
610 2 0 |a USA 
610 2 0 |a Európska únia 
100 1 |a Chuguryan, Simona, 1977-